| 000 | 00600cam a22002411 4500 | ||
|---|---|---|---|
| 001 | sa 68003209 | ||
| 003 | DLC | ||
| 005 | 20260227112450.0 | ||
| 008 | 890912s1966 ii 000 0 orio | ||
| 010 | _asa 68003209 | ||
| 035 | _a(OCoLC)20330348 | ||
| 040 |
_aDLC _cWaU _dDLC |
||
| 042 | _apremarc | ||
| 050 | 0 | 0 |
_aPK2576 _b.B3 |
| 100 | 1 |
_aBal, Mrutyunjaya Narayan, _d1946- |
|
| 245 | 1 | 0 | _aKetoṭi taraṅgara saṃḷāpa. |
| 260 | _c[1966] | ||
| 300 |
_a11, 52 p. _c22 cm. |
||
| 500 | _aIn Oriya. | ||
| 500 | _aPoems. | ||
| 650 | 0 | _aOriya poetry. | |
| 700 | 1 | _aRāẏa, Apūrba Rañjana. | |
| 999 |
_c79311 _d79311 |
||